[Event "Arlington DC op 3rd"]
[Site "Arlington"]
[Date "2015.06.28"]
[Round "6"]
[White "Prathiba, Yuvarajan"]
[Black "Betaneli, Aleksandr"]
[Result "0-1"]
[WhiteElo "2178"]
[BlackElo "2246"]
[PlyCount "100"]
[EventDate "2015.06.25"]
[EventType "swiss"]
[EventRounds "9"]
[EventCountry "USA"]
[SourceTitle "CBM 167 Extra"]
[Source "ChessBase"]
[SourceDate "2015.09.14"]
[SourceVersion "1"]
[SourceVersionDate "2015.09.14"]
[SourceQuality "1"]

1. e4 e5 2. Nf3 Nc6 3. Bb5 a6 4. Ba4 Nf6 5. 0-0 Be7 6. Re1 b5 7. Bb3 d6 8. c3 0-0 9. h3 Na5 10. Bc2 c5 11. d4 Nd7 12. Nbd2 exd4 13. cxd4 Re8 14. Nf1 Bb7 15. Ng3 g6 16. b3 Bf6 17. Bb2 Nc6 18. Rc1 Qe7 19. Ba1 Rad8 20. a3 Nb6 21. Nf1 Qf8 22. Ne3 Qg7 23. Ng4 Bxd4 24. Nxd4 Nxd4 25. Bxd4 cxd4 26. Qd2 h5 27. Nh2 d5 28. e5 Rxe5 29. Rxe5 Qxe5 30. Nf3 Qd6 31. Nxd4 Nd7 32. Re1 Qf6 33. Re3 Ne5 34. Rg3 h4 35. Rg5 Nc6 36. Nf5 d4 37. Nh6+ Kf8 38. Ng4 Qe6 39. Bd3 Re8 40. Qf4 Kg7 41. Bf5 Qe1+ 42. Kh2 Ne5 43. Qxd4 Kf8 44. Qd6+ Re7 45. Nf6 Qxf2 46. Nh7+ Kg7 47. Qf6+ Kg8 48. Be4 Qxf6 49. Nxf6+ Kg7 50. Nd7 f6 0-1

[Event "Arlington DC op 3rd"]
[Site "Arlington"]
[Date "2015.06.27"]
[Round "4"]
[White "Prathiba, Yuvarajan"]
[Black "Griffith, Kyron"]
[Result "0-1"]
[WhiteElo "2178"]
[BlackElo "2320"]
[PlyCount "101"]
[EventDate "2015.06.25"]
[EventType "swiss"]
[EventRounds "9"]
[EventCountry "USA"]
[SourceTitle "CBM 167 Extra"]
[Source "ChessBase"]
[SourceDate "2015.09.14"]
[SourceVersion "1"]
[SourceVersionDate "2015.09.14"]
[SourceQuality "1"]

1. e4 c5 2. Nf3 d6 3. d4 cxd4 4. Nxd4 Nf6 5. Nc3 a6 6. Bg5 Nbd7 7. f4 Qc7 8. Qf3 h6 9. Bxf6 Nxf6 10. h3 e5 11. Nb3 Be7 12. f5 b5 13. Bd3 Bb7 14. a3 0-0 15. g4 d5 16. Nd2 Nxe4 17. Ncxe4 dxe4 18. Nxe4 Bh4+ 19. Kf1 Rad8 20. Rh2 Rd4 21. Re2 Rfd8 22. Kg2 Bxe4 23. Bxe4 Rd2 24. Rxd2 Rxd2+ 25. Kh1 Qd6 26. Rf1 Bg5 27. Rf2 Rd1+ 28. Rf1 Rxf1+ 29. Qxf1 Qd4 30. Qd3 Qxb2 31. Qd7 Qxa3 32. Qe8+ Qf8 33. Qxe5 Bf6 34. Qd5 Qb4 35. Bd3 Qe1+ 36. Kg2 Qd2+ 37. Kg1 Qe3+ 38. Kg2 Bd4 39. h4 Qf2+ 40. Kh3 Bf6 41. Qe4 Qxh4+ 42. Kg2 Kh7 43. c4 h5 44. cxb5 axb5 45. Bxb5 hxg4 46. Qe3 Bd8 47. Qg3 Qe7 48. Qd3 Qf6 49. Qe4 Qh4 50. Kf1 Bb6 51. Qg2 0-1

[Event "Philadelphia op 8th"]
[Site "Philadelphia"]
[Date "2014.04.19"]
[Round "7"]
[White "Mujumdar, Sameer Suhas"]
[Black "Prathiba, Yuvarajan"]
[Result "0-1"]
[WhiteElo "2111"]
[BlackElo "2191"]
[PlyCount "62"]
[EventDate "2014.04.16"]
[EventType "swiss"]
[EventRounds "9"]
[EventCountry "USA"]
[SourceTitle "CBM 159 Extra"]
[Source "ChessBase"]
[SourceDate "2014.04.24"]
[SourceVersion "1"]
[SourceVersionDate "2014.04.24"]
[SourceQuality "1"]

1. d4 e6 2. c4 f5 3. g3 d5 4. Bg2 c6 5. Nf3 Nf6 6. 0-0 Bd6 7. b3 Qe7 8. Bb2 0-0 9. Nbd2 Nbd7 10. Ne5 Ne4 11. Nxe4 dxe4 12. f4 exf3 13. Nxf3 e5 14. e3 e4 15. Nd2 Nf6 16. Qe2 Ng4 17. Bh3 Nh6 18. Qh5 Bd7 19. Rad1 Be8 20. Qe2 Qg5 21. Rde1 Bh5 22. Qf2 Rae8 23. Nb1 Ng4 24. Bxg4 Bxg4 25. Rc1 Bh3 26. Rfe1 f4 27. exf4 Bxf4 28. Rcd1 e3 29. Qe2 Bxg3 30. hxg3 Qxg3+ 31. Kh1 Rf2 0-1

[Event "Philadelphia op 8th"]
[Site "Philadelphia"]
[Date "2014.04.18"]
[Round "4"]
[White "Prathiba, Yuvarajan"]
[Black "Elezi, Luan"]
[Result "1/2-1/2"]
[WhiteElo "2191"]
[BlackElo "2058"]
[PlyCount "141"]
[EventDate "2014.04.16"]
[EventType "swiss"]
[EventRounds "9"]
[EventCountry "USA"]
[SourceTitle "CBM 159 Extra"]
[Source "ChessBase"]
[SourceDate "2014.04.24"]
[SourceVersion "1"]
[SourceVersionDate "2014.04.24"]
[SourceQuality "1"]

1. e4 e6 2. d4 d5 3. Nd2 dxe4 4. Nxe4 Nf6 5. Nxf6+ Qxf6 6. Nf3 h6 7. Bd3 Nc6 8. 0-0 Bd7 9. c3 Bd6 10. Qe2 0-0-0 11. b4 g5 12. b5 Ne7 13. c4 g4 14. Ne5 Nf5 15. Bb2 Bxe5 16. dxe5 Qe7 17. Bxf5 exf5 18. e6 Qxe6 19. Qxe6 Bxe6 20. Bxh8 Rxh8 21. Rac1 Rd8 22. f3 Rd4 23. fxg4 fxg4 24. Rf2 h5 25. g3 Bxc4 26. Rfc2 Bd5 27. Rxc7+ Kd8 28. R1c2 Rb4 29. R7c5 Rd4 30. Kf2 Kd7 31. Ke3 Re4+ 32. Kd3 Kd6 33. Rc8 f5 34. Rd8+ Ke6 35. Rc7 Ra4 36. Rh8 Ra3+ 37. Kd4 Ra4+ 38. Ke3 Kd6 39. Rg7 Rxa2 40. Rd8+ Kc5 41. Rc7+ Kb6 42. Rh7 Kxb5 43. Rxh5 Be4 44. Re8 Kb4 45. Rh7 b5 46. h4 gxh3 47. Rxh3 a5 48. Re5 a4 49. Rh4 Ra3+ 50. Ke2 Rxg3 51. Rxf5 a3 52. Rxe4+ Ka5 53. Re8 Rg2+ 54. Kd3 a2 55. Ra8+ Kb4 56. Rh5 Rf2 57. Re5 Rh2 58. Rd5 Rg2 59. Ke3 Rb2 60. Rd3 Kc4 61. Rda3 b4 62. Rxa2 Rxa2 63. Rxa2 b3 64. Ra4+ Kc3 65. Ra3 Kc2 66. Kd4 b2 67. Rc3+ Kd2 68. Rg3 b1Q 69. Rg2+ Kc1 70. Rg1+ Kb2 71. Rxb1+ 1/2-1/2

[Event "Philadelphia op 8th"]
[Site "Philadelphia"]
[Date "2014.04.17"]
[Round "3"]
[White "Chandra, Akshat"]
[Black "Prathiba, Yuvarajan"]
[Result "1-0"]
[WhiteElo "2370"]
[BlackElo "2191"]
[PlyCount "93"]
[EventDate "2014.04.16"]
[EventType "swiss"]
[EventRounds "9"]
[EventCountry "USA"]
[SourceTitle "CBM 159 Extra"]
[Source "ChessBase"]
[SourceDate "2014.04.24"]
[SourceVersion "1"]
[SourceVersionDate "2014.04.24"]
[SourceQuality "1"]

1. e4 e5 2. Nf3 Nc6 3. Bb5 a6 4. Ba4 Nf6 5. 0-0 b5 6. Bb3 Be7 7. Re1 0-0 8. h3 Bb7 9. d3 a5 10. a4 b4 11. Nbd2 d5 12. exd5 Nxd5 13. Nxe5 Nxe5 14. Rxe5 Nf4 15. Nf3 Ng6 16. Re1 Bf6 17. Nd2 Re8 18. Ne4 Bxe4 19. dxe4 Qe7 20. Rb1 Rad8 21. Qh5 c5 22. Bd5 Qc7 23. Be3 Be5 24. Kh1 Bf4 25. g3 Bxe3 26. Rxe3 Re5 27. Qf3 Re7 28. Kg2 Qe5 29. Qe2 Kh8 30. f4 Qc7 31. c4 bxc3 32. bxc3 Qd7 33. Qb5 Qc7 34. Qb6 Qc8 35. c4 h5 36. Reb3 Kh7 37. Qb8 Qd7 38. Qb5 Qc7 39. Qb6 Qd7 40. Qxa5 h4 41. f5 Ne5 42. Rb7 Qe8 43. Qb5 hxg3 44. Qxe8 Rdxe8 45. a5 Nd3 46. Rxe7 Rxe7 47. Bb7 1-0